Statystyki dla Alfabetycznie pierwsze Losowe państwa sąsiadujące

Kliknij tutaj aby rozwiązać quiz!

Ogólne statystyki

  • Ten quiz został rozwiązany 206 razy
  • Średni wynik to 10 z 15

Statystyki odpowiedzi

Kraj1. sąsiad% Poprawnych
UzbekistanAfganistan
100%
IranAfganistan
100%
NigerAlgieria
100%
TunezjaAlgieria
100%
NamibiaAngola
100%
Zjednoczone
Emiraty Arabskie
Arabia Saudyjska
100%
OmanArabia Saudyjska
100%
ParagwajArgentyna
100%
ChileArgentyna
100%
UrugwajArgentyna
100%
AzerbejdżanArmenia
100%
TurcjaArmenia
100%
WęgryAustria
100%
SłowacjaAustria
100%
CzechyAustria
100%
WłochyAustria
100%
TogoBenin
100%
GujanaBrazylia
100%
WenezuelaBrazylia
100%
KolumbiaBrazylia
100%
SurinamBrazylia
100%
MalezjaBrunei
100%
RumuniaBułgaria
100%
Korea PółnocnaChiny
100%
KazachstanChiny
100%
KamerunCzad
100%
EtiopiaDżibuti
100%
PalestynaEgipt
100%
SzwecjaFinlandia
100%
NorwegiaFinlandia
100%
BelgiumFrancja
100%
SenegalGambia
100%
Gwinea BissauGwinea
100%
Sierra LeoneGwinea
100%
DominikanaHaiti
100%
PortugaliaHiszpania
100%
Wielka BrytaniaIrlandia
100%
WietnamKambodża
100%
Stany
Zjednoczone
Kanada
100%
EstoniaŁotwa
100%
FinlandiaNorwegia
100%
MołdawiaRumunia
100%
PolskaBiałoruś
89%
DaniaNiemcy
86%
SzwajcariaAustria
83%
ArmeniaAzerbejdżan
83%
ZimbabweBotswana
83%
MonakoFrancja
83%
TadżykistanAfganistan
80%
GrecjaAlbania
80%
IrakArabia Saudyjska
80%
BhutanChiny
80%
AndoraFrancja
80%
Papua-Nowa
Gwinea
Indonezja
80%
LibanIzrael
80%
IndonezjaMalezja
80%
WatykanWłochy
80%
KatarArabia Saudyjska
75%
BrazyliaArgentyna
75%
LiechtensteinAustria
75%
Republika
Środkowoafrykańska
Czad
75%
SomaliaDżibuti
75%
Timor WschodniIndonezja
75%
KambodżaLaos
75%
KostarykaNikaragua
75%
IrlandiaWielka Brytania
75%
AlbaniaCzarnogóra
71%
Macedonia
Północna
Albania
67%
GruzjaArmenia
67%
RosjaAzerbejdżan
67%
LuksemburgBelgia
67%
MeksykBelize
67%
NigeriaBenin
67%
Sudan PołudniowyDemokratyczna
Republika Konga
67%
AngolaDemokratyczna
Republika Konga
67%
BangladeszIndie
67%
PanamaKolumbia
67%
GambiaSenegal
67%
MarokoAlgieria
60%
PeruBoliwia
60%
KirgistanChiny
60%
EswatiniMozambik
60%
KosovoAlbania
50%
LibiaAlgieria
50%
MaliAlgieria
50%
HiszpaniaAndora
50%
FrancjaAndora
50%
KongoAngola
50%
NiemcyAustria
50%
GwatemalaBelize
50%
LitwaBiałoruś
50%
ŁotwaBiałoruś
50%
UkrainaBiałoruś
50%
ChorwacjaBośnia i
Hercegowina
50%
BeninBurkina Faso
50%
RwandaBurundi
50%
NepalChiny
50%
Bośnia i
Hercegowina
Chorwacja
50%
AustriaCzechy
50%
HaitiDominikana
50%
ErytreaDżibuti
50%
IzraelEgipt
50%
DżibutiErytrea
50%
BułgariaGrecja
50%
HondurasGwatemala
50%
LiberiaGwinea
50%
Arabia SaudyjskaIrak
50%
EgiptIzrael
50%
TajlandiaKambodża
50%
EkwadorKolumbia
50%
Korea PołudniowaKorea Północna
50%
LesothoRepublika
Południowej Afryki
50%
San MarinoWłochy
50%
TurkmenistanAfganistan
43%
ZambiaAngola
43%
KeniaEtiopia
43%
GabonGwinea Równikowa
43%
CzarnogóraAlbania
40%
Demokratyczna
Republika Konga
Angola
40%
Gwinea RównikowaGabon
40%
BotswanaNamibia
40%
NikaraguaHonduras
38%
KuwejtArabia Saudyjska
33%
JordaniaArabia Saudyjska
33%
BoliwiaArgentyna
33%
SłoweniaAustria
33%
HolandiaBelgia
33%
SerbiaBośnia i
Hercegowina
33%
Wybrzeże Kości
Słoniowej
Burkina Faso
33%
AfganistanChiny
33%
LaosChiny
33%
BurundiDemokratyczna
Republika Konga
33%
MozambikEswatini
33%
BelizeGwatemala
33%
GwineaGwinea Bissau
33%
BruneiMalezja
33%
KanadaStany Zjednoczone
33%
JemenArabia Saudyjska
25%
IndieBangladesz
25%
SudanCzad
20%
MalawiMozambik
20%
UgandaDemokratyczna
Republika Konga
17%
ChinyAfganistan
0%
PakistanAfganistan
0%
MauretaniaAlgieria
0%
MjanmaBangladesz
0%
Burkina FasoBenin
0%
ArgentynaBoliwia
0%
Republika
Południowej Afryki
Botswana
0%
GhanaBurkina Faso
0%
TanzaniaBurundi
0%
MongoliaChiny
0%
SalwadorGwatemala
0%
SyriaIrak
0%
CzadKamerun
0%
AlgieriaLibia
0%
BiałoruśLitwa
0%

Rozkład punktacji

Percentyl według liczby udzielonych odpowiedzi

Procent ludzi z każdym wynikiem

Twoja historia wyników

Nie rozwiązałeś tego quizu